00618nam a22001695i 4500001000700000003000900007005001700016008004100033080002000074100002500094245010500119250002400224260007700248300002100325700003500346852006700381170272ES-MaACL20240514102127.0090218s1905 fr |||| | fre d a821.133.1-2"19"1 aMéténier, Oscar.10aMlle. Fifi b: drame en un acte / cOscar Méténier ; tiré de la nouvelle de Guy de Maupassant. aNouvelle édition. aParis : bSociété d'Éditions Littéraires et Artistiques, c1905. a37 p. ; c19 cm.1 aMaupassant, Guy de,d1850-1893 aES-MaACLj2248-F-10 z.- Biblioteca Jacinto Martínez Lacalle